Normal view
MARC view
- Supervisor:Dr.Naveed Iqbal Rao
Entry Personal Name
001 - CONTROL NUMBER
- control field: 124512
003 - CONTROL NUMBER IDENTIFIER
- control field: NUST
005 - DATE AND TIME OF LATEST TRANSACTION
- control field: 20240712162943.0
008 - FIXED-LENGTH DATA ELEMENTS
- fixed length control field: 240712|| aca||aabn | a|a d
040 ## - CATALOGING SOURCE
- Original cataloging agency: NUST
- Transcribing agency: NUST
100 ## - HEADING--PERSONAL NAME
- Personal name: Supervisor:Dr.Naveed Iqbal Rao
670 ## - SOURCE DATA FOUND
- Source citation: Work cat.: (NUST)610349: Javid, Rakhshanda 124511, Development of Crowd Behavior Analysis Techniques/
